书目信息 |
| 题名: |
机械基础
|
|
| 作者: | 李世维 主编 | |
| 分册: | 机械类 | |
| 出版信息: | 北京 高等教育出版社 2001 |
|
| 页数: | 193页 | |
| 开本: | 26cm | |
| 丛书名: | ||
| 单 册: | ||
| 中图分类: | TH11-43 | |
| 科图分类: | ||
| 主题词: | 机械学--中等专业教育--教材 | |
| 电子资源: | ||
| ISBN: | 978-7-04-009592-0 | |
| 000 | 00772nam0 2200241 450 | |
| 001 | 0100121476 | |
| 005 | 20020928000000.0 | |
| 010 | @a978-7-04-009592-0@dCNY12.50 | |
| 100 | @a20010810d2001 em y0chiy0110 ea | |
| 101 | 0 | @achi |
| 102 | @aCN@b110000 | |
| 105 | @ay z 000yy | |
| 106 | @ar | |
| 200 | 1 | @a机械基础@9Ji Xie Ji Chu @i机械类@f李世维主编@b专著 |
| 210 | @a北京@c高等教育出版社@d2001 | |
| 215 | @a193页@d26cm | |
| 300 | @a中等职业教育国家规划教材 | |
| 330 | @a本书主要包括机械概述、构件的静力分析、杆件的基本变形、机械工程材料、机械零件、常用机构、机械传动、液压传动等。 | |
| 606 | 0 | @a机械学@x中等专业教育@j教材 |
| 690 | @aTH11-43@v4 | |
| 701 | 0 | @a李世维@9li shi wei@4主编 |
| 801 | 0 | @aCN@bAiZhiMarc@c20010817 |
| 905 | @aBZT@dTH11@e256@f10@sTH11/256 | |
| 机械基础.机械类/李世维主编.-北京:高等教育出版社,2001 |
| 193页;26cm |
| 中等职业教育国家规划教材 |
| ISBN 978-7-04-009592-0:CNY12.50 |
| 本书主要包括机械概述、构件的静力分析、杆件的基本变形、机械工程材料、机械零件、常用机构、机械传动、液压传动等。 |
| ● |
| 相关链接 |
|
|
|
正题名:机械基础
索取号:TH11/256
 
预约/预借
| 序号 | 登录号 | 条形码 | 馆藏地/架位号 | 状态 | 备注 |
| 1 | 2000018794 | 2000018794 | 旧书回溯/ [索取号:TH11/256] | 在馆 | |
| 2 | 2000018795 | 2000018795 | 旧书回溯/ [索取号:TH11/256] | 在馆 | |
| 3 | 2000018796 | 2000018796 | 旧书回溯/ [索取号:TH11/256] | 在馆 | |
| 4 | 2000018797 | 2000018797 | 旧书回溯/ [索取号:TH11/256] | 在馆 | |
| 5 | 2000018798 | 2000018798 | 旧书回溯/ [索取号:TH11/256] | 在馆 | |
| 6 | 2000018799 | 2000018799 | 旧书回溯/ [索取号:TH11/256] | 在馆 | |
| 7 | 2000018800 | 2000018800 | 旧书回溯/ [索取号:TH11/256] | 在馆 | |
| 8 | 2000018801 | 2000018801 | 旧书回溯/ [索取号:TH11/256] | 在馆 | |
| 9 | 2000018802 | 2000018802 | 旧书回溯/ [索取号:TH11/256] | 在馆 | |
| 10 | 2000018803 | 2000018803 | 旧书回溯/ [索取号:TH11/256] | 在馆 |